MDQL
is popping MORE tags! Check the
thread
!
Quizzes
Events
Quiz Creation
Community
Videos
Private Events
Remove Ads
Sign In
Join for FREE
Feedback
Dark Mode
Quiz Categories
Sports
Geography
Music
Movies
Television
Just For Fun
Miscellaneous
History
Literature
Language
Science
Gaming
Entertainment
Religion
Holiday
For Kids
Quiz Lab
Recent
Popular Today
Quiz Kudos Today
Editor Picks
Curator Picks
Quizzes by...
Day
Popularity
Type
Ratings
Length
Year
Community
Subscriptions
Recent Discussions
Orange Saloon
Badges
Playlists
Quests
Create
Leaderboards
Showdown
Live 5
Trivia Bingo
Activity
Puzzle Library
Sporcle Events
Private Events
Virtual Trivia
Globe League
Become a Host
Pub Owners
SporcleCon
Opinionation
Our Games
Videos
Blog
Mobile Apps
Partnerships
Remove Ads and Go Orange
Feedback
Sports
Athletes
MLB
NBA
NHL
NFL
Soccer
Sports Teams
WWE
NCAA
Football
Premier League
Basketball
Baseball
Hockey
Golf
Tennis
Cricket
Rugby
Auto Racing
Olympics
World Cup
Sports
Athletes
MLB
NBA
NHL
NFL
Soccer
Sports Teams
WWE
NCAA
Football
Premier League
Basketball
Baseball
Hockey
Golf
Tennis
Cricket
Rugby
Auto Racing
Olympics
World Cup
Random Quiz
Search Sporcle
×
Editor Pick
Editor Pick
Sports
NFL
Type in answers that appear in a list
Type in answers that appear in a list
Classic
Best Score? Go Orange.
2011 NFL Most Touchdowns By Team Stats
Can you name the players who scored the most touchdowns for each NFL team during the 2011 season?
By
sultanofswing
12m
152 Questions
13.8K Plays
13,812 Plays
13,812 Plays
Comments
Comments
Give Quiz Kudos
Give Quiz Kudos
-
- Ratings
hide this ad
More Info
Replay
Link that replays current quiz
Next Quiz
Link to next quiz in quiz playlist
You Got
0%
They Got
Avg Score
61%
Avg Friend Score
Upgrade to see
Score Distribution
Jump to the score distribution portion of the page
Score
0/152
Timer
12:00
0
Plays Today
% Correct
Calvin Johnson
95.2%
Stevie Johnson
95%
9 Tied
95%
Chris Johnson
95%
Julio Jones
94.5%
James Jones
94.3%
Owen Daniels, Jacoby Jones, Kevin Walter
94.3%
Larry Fitzgerald
93.8%
Steve Smith
93.1%
Torrey Smith
92.8%
Kevin Smith
92.8%
4 Tied
92.1%
Ray Rice
92.1%
Fred Jackson
91.6%
DeSean Jackson
91.6%
Vincent Jackson
91.6%
Steven Jackson
91.6%
AJ Green
89.5%
Roddy White
88.7%
5 Tied
88.4%
Adrian Peterson
88.2%
Cam Newton
87.9%
Patrick Peterson
87.9%
Michael Turner
87.7%
Arrelious Benn, Preston Parker, Mike Williams
87%
DeAngelo Williams
86.2%
Kyle Williams
85.9%
Damien Williams
85.9%
LeSean McCoy
85.4%
Wes Welker
85.2%
Rob Gronkowski
84.9%
Matt Forte
84%
Arian Foster
83.9%
Maurice Jones-Drew
83.4%
Tim Tebow
83.3%
Greg Jennings
82.1%
Reggie Bush
81.9%
Michael Bush
81.8%
Jordy Nelson
81.2%
David Nelson
80.8%
Shonn Greene
80.8%
Beanie Wells
80%
Victor Cruz
79.5%
Marques Colston
79%
Reggie Wayne
78.9%
Ahmad Bradshaw
78.6%
Miles Austin
78.4%
Antonio Brown
77.7%
Donald Brown
77.7%
Anquan Boldin
76.6%
Robert Meachem and Pierre Thomas
76.5%
% Correct
Rashard Mendenhall
76.3%
Santonio Holmes
76.1%
Dez Bryant
76%
Dwayne Bowe
75.6%
Jimmy Graham
75.4%
Frank Gore
74.7%
Brandon Jacobs
74.6%
Tony Gonzalez
74.6%
Marshawn Lynch
73.6%
Mike Wallace
73.5%
Demaryius Thomas
73.1%
Cedric Benson
72.5%
Willis McGahee
72.3%
Aaron Hernandez
72.2%
4 Tied
72.2%
BenJarvus Green-Ellis
72.1%
Brandon Marshall
71.6%
Jason Witten
71.4%
Matt Ryan, Ovie Mughelli, Jacquizz Rodgers
70.7%
Peyton Hillis
70%
Hakeem Nicks
69.5%
Darren Sproles
66.8%
DeMarco Murray
66.1%
Vernon Davis
65.9%
Plaxico Burress
65.8%
Fred Davis
65.8%
Kellen Davis
65.7%
Darren McFadden
65.6%
Donald Driver and John Kuhn
63.4%
Percy Harvin
62.5%
Lance Moore
62.4%
Evan Moore
62.3%
Denarius Moore
62.2%
Jeremy Maclin
61.4%
Pierre Garcon
61.2%
Jermichael Finley
60.6%
Devin Hester
59.7%
Antonio Gates
59.5%
Laurent Robinson
59.3%
Eric Decker
58.4%
Jason Hill
58.4%
Santana Moss
58.3%
Ben Tate
58.1%
Golden Tate
57.9%
Michael Crabtree
57.9%
Jake Ballard and Mario Manningham
57.3%
Ryan Mathews
56.6%
CJ Spiller
55.6%
Delone Carter and Dallas Clark
55.2%
LeGarrette Blount
54.3%
Mike Tolbert
51.7%
% Correct
Marion Barber
51.7%
Brent Celek
51.6%
Brandon Lloyd
50.6%
Deion Branch
49.9%
Brandon Pettigrew
48.1%
Dustin Keller
46.8%
Greg Olsen
46.8%
Jonathan Stewart
46.7%
Titus Young
44.9%
Darius Heyward-Bey
44.4%
Jerome Simpson
44.1%
Mark Sanchez
42.3%
Nate Washington
41.3%
Malcom Floyd
41.1%
Roy Helu
40.8%
Jermaine Gresham
40.1%
4 Tied
39.9%
Josh Freeman
39.3%
Steve Breaston
37%
Greg Little, Mohammed Massaquoi, Ben Watson
37%
Toby Gerhart
35.2%
Michael Jenkins, Kyle Rudolph, Visanthe Shiancoe
34.2%
Jackie Battle
33.6%
Early Doucet
32.5%
Davone Bess
32%
Dexter McCluster
31.1%
Ed Dickson
30.8%
Kenny Britt
30%
Anthony Fasano
29.1%
Doug Baldwin
28.8%
Josh Cribbs
28.6%
Isaac Redman
26.6%
Scott Chandler
26.2%
Jabar Gaffney
25.1%
Andre Caldwell and Bernard Scott
23.4%
Dennis Pitta
22.9%
Tony Scheffler
20.4%
Kevin Boss
20.2%
Jared Cook
15.2%
Delanie Walker
15%
Jaqua Parker
14.9%
Le'Ron McClain
10.5%
Charles Clay
9.8%
Joel Dreessen
9.1%
Danario Alexander
8.5%
Daniel Fells
8.3%
Jeff King
8%
Chastin West
7.1%
Dane Sanzenbacher
6.1%
Dezmon Briscoe
3.6%
Quiz Playlist
Details
Report
Send in Message
Add To Playlist
More Info:
A touchdown is either rushing, receiving or returning (Defensive or Special Team), NO PASSING
Classic:
Type in answers that appear in a list
Quiz Source
Last Updated: Feb 16, 2017
Editor Pick in
Sports
Curator Pick in
NFL
Quiz Scoreboard
CHALLENGE
Sign Up to Join the Scoreboard
Show All
Scores
Hide
Comments
May contain spoilers
Recently Published
Two Season TV Shows II
by 123Four
Television
10m
Image Sorting: Flags VI
by Barbecue
Geography
2m
Find the 'City' Movie
by crazypaving
Movies
60s
More to Explore
Quiz From the Vault
Featured Blog Post
14 Easter Pick-up Lines to Find Eggs With
hide this ad
You Might Also Like...
Tags
NFL Quiz
2011
Player
season
team
Touchdown
Today's Top Quizzes in Sports
Browse Sports
hide this ad
Today's Top Quizzes in NFL
Browse NFL
Top Contributed Quizzes in Sports
1
Les meilleurs buteurs des matchs entre le PSG et l’OM
2
Les entraîneurs de l'OM et du PSG au 21e siècle
3
2022 World Cup Stars
4
Les joueurs passés par le PSG et l'OM
5
Players with Multiple 50 Home Run Seasons
6
FIFA Club World Cup Champions
7
Criteria MLB: Left Handed Sluggers
8
Les joueurs passés par le LOSC et le RC Lens
9
Top 10 NHL Goal Scorers of All Time
10
NBA Logic Puzzle 2.0
Explore More
Trending Topics
Kpop
Crossword
Harry Potter
Disney
Marvel
Anime
NBA
Song
Country
WWE
NFL
Puzzle
Soccer
The Office
Pokémon
hide this ad
More By:
sultanofswing
Quiz
Plays
Rating
Category
Featured
Created
NBA Top 3 MVP Voting By Year
514,810
4.79
Sports
Apr 19, 2012
NBA Every 25 PPG Scorer In History
295,055
4.67
Sports
Dec 14, 2011
NBA Starters By Team (2000s)
185,193
4.56
Sports
Jan 24, 2011
NBA 2 Teammates, 35 Pts, 1 Game (2000s)
173,225
4.30
Sports
Mar 19, 2011
NFL 1,000 Yard Rushers
160,359
4.79
Sports
Sep 27, 2011
Go to Creator's Profile
Score Distribution
Quiz Creator Spotlight
sultanofswing
Follow
Send a Message
Quizzes Created
-
Created Quiz Play Count
-
More By This Creator
Popular Quizzes Today
1
Find the US States - No Outlines Minefield
2
Colored Red Africa Blitz
3
Find the 'City' Movie
4
5x2 Blitz: Bands
5
The Countries of the World
6
Find the Countries of Europe - No Outlines Minefield
7
Find the US States
8
US States
More Sports Quizzes
Second Fiddle: NFL Franchise Coaching Wins
Editor's Pick
Trending Quizzes
Colored Red Europe Blitz I
Colored Red Africa Blitz II
Colored Red Europe Blitz II
Colored Red Africa Blitz III
Even More Two Season TV Shows
Recently Updated
March Madness Men's Triple Doubles
pecheneg
How Do You Spell That?
pecheneg
Godzilla Movies
pecheneg
Grab Bag: 4-10 Letters
pecheneg
2024 March Madness Bracket
pecheneg
Famous TV Couples
Peacemaker
Champions League XIs: Real Madrid
pecheneg
Largest US Cities 1790-2010
pecheneg
Rides in Walt Disney World
pecheneg
Most Oscar Losses (Acting)
pecheneg
Trending Topics
Disney
Kpop
Marvel
Anime
NBA
Harry Potter
Crossword
Soccer
NFL
Puzzle
Country
Song
Pokémon
The Office
WWE
Your Account Isn't Verified!
In order to create a playlist on Sporcle, you need to verify the email address you used during registration. Go to your
Sporcle Settings
to finish the process.
Report this User
Report this user for behavior that violates our
Community Guidelines
.
Details:
Send Report
Go to the Sporcle.com Mobile Site →
Comments